Billie Eilish - Paroles What Was I Made For? - Statistiques

Statistiques générales
  • Ce quiz a été pris 14 fois
  • Le résultat moyen est 134 sur 164
Statistiques - réponses
Hint Réponse % Correct
don't
100%
Couplet 1 I
100%
I,
100%
know,
100%
know
100%
a
90%
ah
90%
'cause
90%
Refrain 'Cause
90%
for?
90%
Post-refrain Mm,
90%
for
90%
for?
90%
I'm
90%
made
90%
mm,
90%
Mm,
90%
mm
90%
not
90%
not,
90%
was
90%
What
90%
what
90%
boyfriend
80%
but
80%
But
80%
Couplet 3 When
80%
down
80%
fall
80%
feel
80%
float,
80%
how
80%
just
80%
Just
80%
my
80%
now
80%
so
80%
somethin'
80%
Somethin'
80%
sure
80%
tell
80%
to
80%
try
80%
used
80%
wanna
80%
again,
70%
be
70%
happy
70%
he's
70%
it
70%
It's
70%
real
70%
sad
70%
All
60%
can
60%
paid
60%
someday,
60%
Someday,
60%
the
60%
you
60%
alive,
50%
an
50%
did
50%
Outro Think
50%
end?
50%
enjoyment
50%
forgot
50%
might
50%
out
50%
turns
50%
wait
50%
Couplet 2 Takin'
40%
drive,
40%
Looked
40%
ideal
30%
Aucun quiz correspondant
Distribution des résultats
% des personnes avec chaque résultat
Percentile par nombre de réponses
Votre historique - résultats
Vous n’avez pas pris ce quiz